| 000 | 00361nam a2200145Ia 4500 | ||
|---|---|---|---|
| 008 | 230917s9999||||xx |||||||||||||| ||und|| | ||
| 040 |
_e183614 _aMAIN |
||
| 041 | _aEnglish | ||
| 082 | _aB R118S | ||
| 100 | _aSyed, M H, ed. | ||
| 245 | 0 | _aSarvepalli Radhakrishnan | |
| 260 |
_aMumbai _bHimalaya Publishing House _c2010 |
||
| 300 | _aix, 294 p. | ||
| 942 | _cBK | ||
| 999 |
_c161503 _d161503 |
||